កូនរមាសចង់ជិះកង់ / (Record no. 8837)

MARC details
000 -LEADER
fixed length control field 01422nam a22002897a 4500
001 - CONTROL NUMBER
control field 8837
003 - CONTROL NUMBER IDENTIFIER
control field FISKH
005 - DATE AND TIME OF LATEST TRANSACTION
control field 20251022123633.0
008 - FIXED-LENGTH DATA ELEMENTS--GENERAL INFORMATION
fixed length control field 251022b cb ||||| |||| 00| 0 eng d
040 ## - CATALOGING SOURCE
Original cataloging agency FISKH
Language of cataloging khr
Transcribing agency FISKH
Modifying agency FISKH
050 ## - LIBRARY OF CONGRESS CALL NUMBER
Classification number PZ7
082 ## - DEWEY DECIMAL CLASSIFICATION NUMBER
Classification number 895
100 ## - MAIN ENTRY--PERSONAL NAME
Personal name Brus, Choeurn
245 ## - TITLE STATEMENT
Title កូនរមាសចង់ជិះកង់ /
Statement of responsibility, etc. អ្នកនិពន្ធនិងវិចិត្រករ ជឿន​ ប្រុស​
260 ## - PUBLICATION, DISTRIBUTION, ETC.
Place of publication, distribution, etc. Phnom Penh :
Name of publisher, distributor, etc. មូលនិធីអាសុី ,​
Date of publication, distribution, etc. 2020 .
300 ## - PHYSICAL DESCRIPTION
Extent 16 pages :
Other physical details color illustrations ;
Dimensions 21 * 30 cm .
505 ## - FORMATTED CONTENTS NOTE
Formatted contents note H <br/>
520 ## - SUMMARY, ETC.
Summary, etc. កូនរមាសដល់អាយុដែលត្រូវចូលរៀន ។​ វាទៅរៀនយឺតរាល់ព្រឹកដោយសារតែវាដើរ ដូច្នេះហើយទើបវាចង់ជិះកង់ទៅរៀន ។​​
520 ## - SUMMARY, ETC.
Summary, etc. Baby rhino reached the age to start school. He was late every morning because he walked, so he wanted to ride a bicycle to school.
521 8# - TARGET AUDIENCE NOTE
Target audience note 400 <br/>
Source Lexile estimate <br/>
521 8# - TARGET AUDIENCE NOTE
Target audience note H <br/>
Source Raz-Plus <br/>
650 ## - SUBJECT ADDED ENTRY--TOPICAL TERM
Topical term or geographic name entry element កូនរមាសចង់ជីះកង់
Form subdivision រឿងនិទានកុមារ​
650 ## - SUBJECT ADDED ENTRY--TOPICAL TERM
Topical term or geographic name entry element Baby rhino wants to ride a bicycle
Form subdivision Children's Stories
700 ## - ADDED ENTRY--PERSONAL NAME
Personal name Keamesa, Ong
Relator term Illustrator
942 ## - ADDED ENTRY ELEMENTS (KOHA)
Source of classification or shelving scheme Dewey Decimal Classification
Koha item type Khmer Books
Suppress in OPAC No
Holdings
Withdrawn status Lost status Source of classification or shelving scheme Damaged status Not for loan Collection Home library Current library Shelving location Date acquired Total Checkouts Full call number Barcode Date last seen Price effective from Koha item type
    Dewey Decimal Classification     Khmer Language Books / សៀវភៅភាសាខ្មែរ Footprints International School Library Network Toul Tom Poung Campus Footprints International School Library Network Toul Tom Poung Campus TTP Primary Khmer Bookshelves 10/22/2025   BRU PZ7 895 2025-4705 10/22/2025 10/22/2025 Khmer Books